000 01345nam0a22002771 4500
001 rc\2364036
005 20250623052901.0
035 _a(NLR Aleph) 006596651
090 _a7203576
_c7203576
100 _a20110829d1976 |||y0rusy50 ca
101 0 _arus
102 _aRU
105 _aa z |||||
200 1 _aПриемы труда Л.С. Герасимовой, прядильщицы ордена Трудового Красного Знамени Ташкентского текстильного комбината
_fМ-во лег. пром. УзССР. Центр. проектно-конструкт. и технол. бюро
210 _aТашкент
_cНИИ науч.-техн. информации и техн.-экон. исследований Госплана УзССР
_d1976
215 _a12 с.
_cил.
_d20
300 _aПеред загл. авт.: М.З. Абжемилова, Р.З. Таджиев, С.С. Максудов
700 1 _aАбжемилова
_bМ.З.
_gМайсе Зиядиновна
701 1 _aМаксудов
_bС.С.
_gСаидкабир Саидкаримович
701 1 _aТаджиев
_bР.З.
_gРустам Захидович
801 0 _aRU
_bNLR
_gpsbo
801 1 _aRU
_bELAR
_2rusmarc
852 _aNLR
_j76-4/29403
899 _aRuMoRGB
_jM 76-12/1347
942 _cBOOK
980 _aNB